[Event "Vila de Poblenou op"]
[Site "Barcelona"]
[Date "2001.08.16"]
[Round "1.10"]
[White "Munto Aubets, Josep"]
[Black "Munoz Pantoja, Miguel Angel"]
[Result "0-1"]
[WhiteElo "1965"]
[BlackElo "2313"]
[PlyCount "66"]
[EventDate "2001.08.16"]
[EventType "swiss"]
[EventRounds "9"]
[EventCountry "ESP"]
[SourceTitle "EXT 2002"]
[Source "ChessBase"]
[SourceDate "2001.11.25"]
[SourceVersion "1"]
[SourceVersionDate "2001.11.25"]
[SourceQuality "1"]

1. e4 c5 2. Nf3 Nc6 3. d4 cxd4 4. Nxd4 Nf6 5. Nc3 e5 6. Nb3 Bb4 7. Bd3 d5 8. exd5 Qxd5 9. 0-0 Bxc3 10. bxc3 0-0 11. Be2 Bf5 12. Qxd5 Nxd5 13. c4 Nc3 14. Re1 Bxc2 15. Bb2 Nxe2+ 16. Rxe2 Bxb3 17. axb3 f6 18. Rd2 Rfd8 19. Rad1 Rxd2 20. Rxd2 Rd8 21. Rxd8+ Nxd8 22. f3 Nc6 23. Kf2 Na5 24. f4 exf4 25. Kf3 Kf7 26. Kxf4 Ke6 27. g4 g5+ 28. Kg3 Nxb3 29. h4 Nd2 30. hxg5 fxg5 31. Bc1 Nxc4 32. Bxg5 b5 33. Bc1 b4 0-1